000 00428nmm a2200157Ia 4500
008 251105s9999||||xx |||||||||||||||||und||
041 _aspa
100 _aDostoievski, Fiódor
245 0 _aEl jugador 
264 _a[Madrid, España] :
_bSaga Egmont,
_c2020
300 _a201 páginas
490 _aWorld Classics
650 _aOther narratives
856 _uhttps://public.digitaliapublishing.com/a/99860
942 _cCF
999 _c101012
_d101012